Catálogo
 En Linea

The hidden children,. (Registro nro. 18369)

Detalles MARC
000 -CABECERA
campo de control de longitud fija 00589cam a2200181u 4500
001 - NÚMERO DE CONTROL
campo de control 000018849
005 - FECHA Y HORA DE LA ÚLTIMA TRANSACCIÓN
campo de control 20200929165851.0
008 - DATOS DE LONGITUD FIJA--INFORMACIÓN GENERAL
campo de control de longitud fija 820922s1914 xx f 000 0 eng
010 ## - NÚMERO DE CONTROL DE LA BIBLIOTECA DEL CONGRESO
Número de control de LC 14014920
040 ## - FUENTE DE LA CATALOGACIÓN
Centro catalogador/agencia de origen DO-SdBNP
Centro/agencia transcriptor CarP
Centro/agencia modificador DLC
050 00 - SIGNATURA TOPOGRÁFICA DE LA BIBLIOTECA DEL CONGRESO
Número de clasificación PZ3.C355
Número de documento/Ítem Hi
Número de clasificación PS1284
050 00 - SIGNATURA TOPOGRÁFICA DE LA BIBLIOTECA DEL CONGRESO
Número de clasificación Microfilm 46223 PZ
100 1# - ENTRADA PRINCIPAL--NOMBRE DE PERSONA
Nombre de persona Chambers, Robert W.
Forma completa/desarrollada del nombre (Robert William),
Fechas asociadas al nombre 1865-1933.
9 (RLIN) 40611
245 14 - MENCIÓN DE TÍTULO
Título The hidden children,.
260 ## - PUBLICACIÓN, DISTRIBUCIÓN, ETC.
Lugar de publicación, distribución, etc. New York and London, :
Nombre del editor, distribuidor, etc. D. Appleton and company,
Fecha de publicación, distribución, etc. 1914.
300 ## - DESCRIPCIÓN FÍSICA
Extensión xv, p. 1 l., 650 [1] p. :
Otras características físicas front., plates. ;
Dimensiones 19 cm.
910 ## - DATOS DE OPCIÓN DEL USUARIO (OCLC)
Datos de opción del usuario Catalogación derivada / LC
Existencias
Estado de retiro Estado de pérdida Restricciones de uso No para préstamo Código de colección Localización permanente Ubicación/localización actual Ubicación en estantería Fecha de adquisición Número de inventario Total de préstamos Signatura topográfica completa Código de barras Fecha visto por última vez Precio válido a partir de Tipo de ítem Koha
      Excluido de préstamo Monografías: Libros y Folletos General General En catalogación 19.05.2010 LF1   18849-10 25.06.2020 25.06.2020 No se presta

Con tecnología Koha